书目信息 |
| 题名: |
电工学(土建类)
|
|
| 作者: | 颜伟中 主编 | |
| 分册: | ||
| 出版信息: | 北京 高等教育出版社 2002.12 |
|
| 页数: | 515页 | |
| 开本: | 23cm | |
| 丛书名: | ||
| 单 册: | ||
| 中图分类: | TM1 | |
| 科图分类: | ||
| 主题词: | 电工学--dian gong xue--高等学校--教材 | |
| 电子资源: | ||
| ISBN: | 7-04-011588-3 | |
| 000 | 00767nam0 2200265 450 | |
| 001 | CAL 012003078126 | |
| 005 | 20050323103541.4 | |
| 010 | @a7-04-011588-3@d37.70CNY | |
| 099 | @aCAL 012003078126 | |
| 100 | @a20030128d2002 emky0chiy0121 ea | |
| 101 | 0 | @achi |
| 102 | @aCN@b110000 | |
| 105 | @aak az 000yy | |
| 200 | 1 | @a电工学(土建类)@Adian gong xue(tu jian lei)@e土建类@f颜伟中主编@Fyan wei zhong zhu bian |
| 210 | @a北京@c高等教育出版社@d2002.12 | |
| 215 | @a515页@c图@d23cm | |
| 320 | @a有书目 | |
| 333 | @a高等学校教材 | |
| 517 | 1 | @a土建类@ATu Jian Lei |
| 606 | 0 | @a电工学@Adian gong xue@x高等学校@j教材 |
| 690 | @aTM1@v4 | |
| 701 | 0 | @a颜伟中@Ayan wei zhong@4主编 |
| 801 | 0 | @aCN@bXMU@c20030425 |
| 905 | @a10447@dTM1@eY1091 | |
| 998 | @aXMU | |
| 电工学(土建类):土建类/颜伟中主编.-北京:高等教育出版社,2002.12 |
| 515页:图;23cm |
| 使用对象:高等学校教材 |
| ISBN 7-04-011588-3:37.70CNY |
| ● |
| 相关链接 |
|
|
|
正题名:电工学(土建类)
索取号:TM1/Y1091
 
预约/预借
| 序号 | 登录号 | 条形码 | 馆藏地/架位号 | 状态 | 备注 |
| 1 | 538397 | 205383976 | 自科库301/301自科库 7排1列4层/ [索取号:TM1/Y1091] | 在馆 | |
| 2 | 538398 | 205383985 | 自科二线404/404自科库 17排5列6层/ [索取号:TM1/Y1091] | 在馆 | |
| 3 | 538399 | 205383994 | 自科库301/301自科库 7排1列4层/ [索取号:TM1/Y1091] | 在馆 |